000 00447cam a2200193ua 4500
001 8158
008 150109n ii |||gr||||Z||||||hin
040 _cMAIN
041 _ahin
082 _a920
100 _aVerma, S.,
_eAuthor.
245 1 _aSurdas
_cBy Vrajeshar Verma
250 _a1st.
260 _aNew Delhi:
_bNational,
_c1990.
300 _a78p.
653 _aBiography, genealogy & insignia
653 _aHindi biography
942 _cBK
999 _c7273
_d7273